| 000 | 00332nam a22001337a 4500 | ||
|---|---|---|---|
| 020 | _a9789693529968 | ||
| 082 |
_a891.4394 _bSAQ |
||
| 100 | _aSaqib, Amjad | ||
| 245 |
_aKamyab Log / _cAmjad Saqib |
||
| 260 |
_aLahore : _bSang-e-Meel Publications, _c2016. |
||
| 300 |
_a426 p. ; _c22 cm |
||
| 563 | _aHBK. | ||
| 942 |
_2ddc _cBK |
||
| 999 |
_c592630 _d592630 |
||